000 00462nam a2200193Ia 4500
003 GCL
008 140319s9999 xx 000 0 eng d
040 _aGCL /
_cGCL
082 0 4 _aCH
_b823.087
_bC W
100 1 _aCAMERON, JOASS
245 1 0 _aHANSEL AND GRETEL /
_cCAMERON, JOASS
260 _a[S.N] :
_bLADYBURD BOOKS
300 _a51
650 0 4 _aLITERATURE
650 0 4 _aCHILDREN
650 0 4 _aTALES
650 0 4 _aCHILDREN - STORIES
942 _2ddc
_cBK
999 _c18015
_d18015